Cantar, pensar la ciudad latinoamericana /

Gespeichert in:
Bibliographische Detailangaben
1. Verfasser: Barzuna Pérez, Guillermo
Format: Unbekannt
Sprache:Spanish
Schlagworte:
Tags: Tag hinzufügen
Keine Tags, Fügen Sie den ersten Tag hinzu!

MARC

LEADER 000000000a22000000004500
001 006740
041 0 |a spa 
100 1 |a Barzuna Pérez, Guillermo 
245 1 0 |a Cantar, pensar la ciudad latinoamericana /   |c Guillermo Barzuna Pérez. 
650 4 |a CANCION LATINOAMERICANA 
650 4 |a CULTURA POPULAR 
650 4 |a NUEVA TROVA 
650 4 |a CRITICA SOCIAL 
650 4 |a CRITICA MUSICAL 
773 0 |x 9977675317  |d San José, Costa Rica : Editorial de la Universidad de Costa Rica  |t Cien años de literatura hispanoamericana: 1898-1998  |g (1998), páginas 85-102 
942 |c AM 
999 |c 15548  |d 15548